Ч. 1: Теплопроводность; Методы теории теплообмена

Opis bibliograficzny
Parent link:Методы теории теплообмена: учебное пособие/ Г. Ф. Мучник, И. Б. Рубашов. Ч. 1: Теплопроводность.— , 1970-
Język:rosyjski
Wydane: 1970
Hasła przedmiotowe:
Format: Książka
KOHA link:https://koha.lib.tpu.ru/cgi-bin/koha/opac-detail.pl?biblionumber=266042

MARC

LEADER 00000nam2a2200000 4500
001 266042
005 20231101233953.0
035 |a (RuTPU)RU\TPU\book\289045 
035 |a RU\TPU\book\284650 
090 |a 266042 
100 |a 20140702d1970 m y0rusy50 ca 
101 0 |a rus 
102 |a RU 
105 |a a j 001zy 
200 0 |a Ч. 1: Теплопроводность 
210 |d 1970 
215 |a 288 с.  |c ил. 
320 |a Библиогр.: с. 279-283. 
461 1 |0 (RuTPU)RU\TPU\book\284650  |t Методы теории теплообмена  |o учебное пособие  |f Г. Ф. Мучник, И. Б. Рубашов  |v Ч. 1: Теплопроводность  |d 1970-  
606 1 |a Теплообмен  |x Физика  |2 stltpush  |3 (RuTPU)RU\TPU\subj\59756  |9 77255 
606 1 |a Теплопроводность  |x (физика)  |2 stltpush  |3 (RuTPU)RU\TPU\subj\59794  |9 77292 
610 1 |a учебные пособия 
610 1 |a теплофизика 
610 1 |a методы 
610 1 |a физические явления 
610 1 |a закон Фурье 
610 1 |a уравнения 
610 1 |a газы 
610 1 |a твердое тело 
610 1 |a жидкости 
610 1 |a металлы 
610 1 |a диэлектрики 
675 |a 536.24(075.8)  |v 3 
675 |a 536.2(075.8)  |v 3 
801 1 |a RU  |b 63413507  |c 20140526 
801 2 |a RU  |b 63413507  |c 20210131  |g RCR 
942 |c BK